| 000 | 00458nam a22001457a 4500 | ||
|---|---|---|---|
| 082 |
_a301.08 _bROS _cN01,P-156 |
||
| 100 |
_aH. Laurence Ross _937530 |
||
| 245 |
_aPerspective on the Social Order Readings in Sociology _cH. Laurence Ross |
||
| 260 |
_aIslamabad _bNational Book Foundation _c1963) |
||
| 300 |
_a466p.: _bill |
||
| 526 |
_a0 _b0 _c0 _d301_080000000000000_ROS |
||
| 526 |
_a0 _b0 _c0 _d301_080000000000000_ROS |
||
| 650 |
_aMCE _9379 |
||
| 942 |
_2ddc _cBK |
||
| 999 |
_c542389 _d542389 |
||